Jurisprudencia de la Sala Constitucional en torno a la atención de las necesidades educativas especiales de las y los estudiantes: 1990-2006
Guardat en:
| Autor corporatiu: | , |
|---|---|
| Format: | Llibre |
| Idioma: | espanyol |
| Publicat: |
San José
Centro Nacional de Recursos para la Inclusión Educativa
2006
|
| Edició: | 1a. ed |
| Matèries: | |
| Etiquetes: |
Afegir etiqueta
Sense etiquetes, Sigues el primer a etiquetar aquest registre!
|
MARC
| LEADER | 00000cam a2200000 a 4500 | ||
|---|---|---|---|
| 001 | UCF1014 | ||
| 003 | CL-VaPUC | ||
| 008 | 120614e20060000CR |||||||||||||||||spa|d | ||
| 082 | 0 | 4 | |a 371.9 |b CEN |2 21 |
| 110 | 2 | |a CENAREC |e author |9 562689 | |
| 710 | 2 | |a Ministerio de Educación Pública |e author |9 562690 | |
| 245 | 1 | 0 | |a Jurisprudencia de la Sala Constitucional en torno a la atención de las necesidades educativas especiales de las y los estudiantes: 1990-2006 |
| 250 | |a 1a. ed | ||
| 300 | |a t | ||
| 942 | |c BK | ||
| 945 | |d 20120614 00:00:00 |a dcastane | ||
| 260 | |a San José |b Centro Nacional de Recursos para la Inclusión Educativa |c 2006 | ||
| 650 | 0 | |a Educación especial |9 307486 | |
| 650 | 0 | |a Educación inclusiva |9 560584 | |
| 650 | 0 | |a Jurisprudencia |9 255952 | |
| 651 | 0 | |a Costa Rica |9 225304 | |
| 583 | |a last modification |c 20140411 05:13:12 |k Rodrigo Vera | ||
| 999 | |c 348029 |d 348027 | ||
| 952 | |0 0 |1 0 |4 0 |6 371_900000000000000_CEN_2006 |7 0 |8 A |9 449884 |a BIBEDU |b BIBEDU |c ES_NOD |d 2019-11-22 |h t.1 |i 4877322 |o 371.9 CEN 2006 |p 4877322 |r 2023-08-09 |w 2019-11-22 |y BK |k EDI | ||